Computer concepts: introductory. / (Record no. 2787)

MARC details
000 -LEADER
fixed length control field 00894nam a22001817a 4500
008 - FIXED-LENGTH DATA ELEMENTS--GENERAL INFORMATION
fixed length control field 140401b xxu||||| |||| 00| 0 eng d
020 ## - INTERNATIONAL STANDARD BOOK NUMBER
International Standard Book Number 100324788924
050 ## - LIBRARY OF CONGRESS CALL NUMBER
Classification number QA76.P21
100 ## - MAIN ENTRY--PERSONAL NAME
Personal name Parsons, June Jamrich.
245 ## - TITLE STATEMENT
Title Computer concepts: introductory. /
Statement of responsibility, etc. June Jamrich Parsons
250 ## - EDITION STATEMENT
Edition statement 7th ed.
260 ## - PUBLICATION, DISTRIBUTION, ETC.
Place of publication, distribution, etc. Australia:
Name of publisher, distributor, etc. Course Technology,
Date of publication, distribution, etc. 2010.
300 ## - PHYSICAL DESCRIPTION
Extent xxiv, 344 p.:
Other physical details ill.;
Dimensions 27cm.
500 ## - GENERAL NOTE
General note Includes index and glossary.
505 ## - FORMATTED CONTENTS NOTE
Formatted contents note Contents: Computers and internet basics -- Computer hardware -- Computer software -- Digital electronics and file management -- Networks and the internet -- Data security -- The web and e-commerce -- Digital media -- The computer industry and careers -- Guide worksheets -- Buyers's guide worksheets -- Visual tour of windows vista and Microsoft office 2007 -- Trends in technology.
700 ## - ADDED ENTRY--PERSONAL NAME
Personal name Oja, Dan
942 ## - ADDED ENTRY ELEMENTS (KOHA)
Source of classification or shelving scheme Library of Congress Classification
Koha item type Books
Holdings
Withdrawn status Lost status Source of classification or shelving scheme Damaged status Not for loan Home library Current library Shelving location Date acquired Total Checkouts Full call number Barcode Date last seen Copy number Price effective from Koha item type
    Library of Congress Classification     WISCONSIN INTERNATIONAL UNIVERSITY COLLEGE, GHANA - MAIN LIBRARY WISCONSIN INTERNATIONAL UNIVERSITY COLLEGE, GHANA - MAIN LIBRARY Reference 01/04/2014   QA.76.P21 7244/269/13 01/04/2014 1 01/04/2014 Books

If you have any concerns or questions; kindly contact the library


© Powered by WIUC ICT DIRECTORATE